[Event "East Lansing (MI Op/5)"]
[Site "?"]
[Date "1982.??.??"]
[Round "?"]
[White "Koster, Ed"]
[Black "Collyer, R.."]
[Result "1-0"]
[WhiteElo "2010"]
[BlackElo "1855"]
[PlyCount "55"]
[EventDate "1982.??.??"]

1. e4 e6 2. d4 d5 3. Nc3 Bb4 4. e5 c5 5. a3 Bxc3+ 6. bxc3 Ne7 7. Qg4 Nf5 8. Bd3
h5 9. Qf4 c4 10. Bxf5 exf5 11. Nf3 Qa5 12. Bd2 Qa4 13. Qg5 Rh7 14. O-O Qxc2 15.
e6 Bxe6 16. Rfe1 Qe4 17. Rxe4 fxe4 18. Ne5 Nd7 19. Nxd7 Kxd7 20. Rb1 b6 21. a4
Rb8 22. Bf4 f6 23. Qg6 Rbh8 24. a5 Kc6 25. axb6 axb6 26. f3 exf3 27. gxf3 h4
28. Qc2 1-0

[Event "Southfield (MEX/5)"]
[Site "?"]
[Date "1982.??.??"]
[Round "?"]
[White "Kitts, Gary"]
[Black "Willey, M.."]
[Result "1-0"]
[WhiteElo "2050"]
[BlackElo "2045"]
[PlyCount "78"]
[EventDate "1982.??.??"]

1. e4 d6 2. d4 Nf6 3. Nc3 g6 4. Bg5 Bg7 5. Nf3 h6 6. Bh4 O-O 7. Be2 c6 8. O-O
Qc7 9. a4 a5 10. Re1 Na6 11. h3 Nb4 12. Nd2 e5 13. dxe5 dxe5 14. Bc4 Qd6 15.
Qc1 g5 16. Bg3 Nh5 17. Nf1 Qd4 18. Bb3 Be6 19. Bxe6 fxe6 20. Nd1 Qc4 21. Nc3
Rad8 22. Ne3 Qc5 23. Bh2 Nf4 24. Kh1 Rd4 25. Bg1 Qe7 26. Kh2 Qf7 27. Nf1 Qh5
28. Nd2 g4 29. Re3 Qg5 30. Nb3 h5 31. Rg3 Bh6 32. f3 Kh7 33. Nxd4 exd4 34. Bxd4
Qh4 35. Be3 e5 36. Qd2 gxh3 37. gxh3 Rg8 38. Rag1 Rxg3 39. Rxg3 Bg5 1-0

[Event "East Lansing (MI Op/6)"]
[Site "?"]
[Date "1982.??.??"]
[Round "?"]
[White "Kitts, Gary"]
[Black "Triplett, Thomas"]
[Result "0-1"]
[WhiteElo "2040"]
[BlackElo "1825"]
[PlyCount "78"]
[EventDate "1982.??.??"]

1. e4 c5 2. Nf3 d6 3. d4 cxd4 4. Nxd4 Nf6 5. Nc3 a6 6. a4 e5 7. Nb3 Be7 8. Be2
O-O 9. O-O Be6 10. f4 Nc6 11. f5 Bxb3 12. cxb3 Qb6+ 13. Kh1 Na5 14. Bc4 Nxc4
15. bxc4 Qc6 16. Qd3 h6 17. Be3 Rac8 18. b3 b5 19. axb5 axb5 20. Nd5 Nxd5 21.
exd5 bxc4 22. Qe4 Qb5 23. f6 Bxf6 24. Rxf6 gxf6 25. Bxh6 Qd7 26. Ra7 Ra8 27.
Qf3 Kh7 28. Qxf6 Qg4 29. h3 Qg6 30. Qxg6+ Kxg6 31. Bxf8 Rxa7 32. bxc4 Rd7 33.
Kg1 Kf5 34. Kf2 Ke4 35. c5 dxc5 36. Bxc5 Rxd5 37. Bb4 Kd3 38. Ba3 e4 39. Bc1
Rf5+ 0-1

[Event "Southfield (MEX/4)"]
[Site "?"]
[Date "1982.??.??"]
[Round "?"]
[White "Kitts, Gary"]
[Black "Shavalier, J.."]
[Result "0-1"]
[WhiteElo "2050"]
[BlackElo "2100"]
[PlyCount "48"]
[EventDate "1982.??.??"]

1. e4 e6 2. d4 d5 3. Nc3 Nf6 4. Bg5 Bb4 5. e5 h6 6. Bd2 Bxc3 7. Bxc3 Ne4 8. Qg4
Rg8 9. Bd3 Nxc3 10. bxc3 g6 11. f4 c5 12. Nf3 Nc6 13. O-O c4 14. Be2 Qa5 15.
Qh4 Qxc3 16. Qxh6 Bd7 17. Qg5 Qxc2 18. Bd1 Qb2 19. Ba4 Nxd4 20. Bxd7+ Kxd7 21.
Rab1 Nxf3+ 22. gxf3 Qd4+ 23. Kg2 b6 24. a4 Qd3 0-1

[Event "East Lansing (MI Op/4)"]
[Site "?"]
[Date "1982.??.??"]
[Round "?"]
[White "Kitts, Gary"]
[Black "Schreiber, E.."]
[Result "1-0"]
[WhiteElo "2040"]
[BlackElo "1620"]
[PlyCount "103"]
[EventDate "1982.??.??"]

1. e4 e5 2. Nf3 Nc6 3. d4 exd4 4. Bc4 d6 5. Nxd4 Nxd4 6. Qxd4 Nf6 7. Bg5 Be7 8.
Nc3 c6 9. O-O-O Qa5 10. Bxf6 gxf6 11. f4 Bg4 12. Rd2 O-O-O 13. Bxf7 d5 14. e5
Bc5 15. Qd3 Rhf8 16. e6 d4 17. Nb1 Bb4 18. Rf2 Bf5 19. Qc4 d3 20. c3 Qc5 21.
Qxc5 Bxc5 22. Rf3 Kc7 23. b4 Be7 24. Re3 Rd6 25. Nd2 Rfd8 26. h3 h5 27. Rhe1 h4
28. Rd1 a5 29. Nc4 Rd5 30. Nxa5 c5 31. a3 cxb4 32. axb4 b6 33. Nb3 Ra8 34. Kb2
Rd6 35. Nd4 Rxd4 36. cxd4 Kd6 37. Kb3 Rc8 38. Rd2 Rc1 39. Kb2 Rc4 40. Kb3 Rxd4
41. Kc3 Rxf4 42. Rf3 Rxf3 43. gxf3 Kc6 44. Kc4 b5+ 45. Kc3 Kb6 46. Rg2 Kc6 47.
Rg8 Kd6 48. Ra8 Kc6 49. Ra7 d2 50. Kxd2 Bxb4+ 51. Ke2 Bxh3 52. e7 1-0

[Event "East Lansing (MI Op/2)"]
[Site "?"]
[Date "1982.??.??"]
[Round "?"]
[White "Kitts, Gary"]
[Black "Posthumus, J.."]
[Result "1/2-1/2"]
[WhiteElo "2040"]
[BlackElo "1825"]
[PlyCount "50"]
[EventDate "1982.??.??"]

1. e4 d6 2. d4 Nf6 3. Nc3 g6 4. f4 Bg7 5. Nf3 Bg4 6. Be3 O-O 7. Be2 Nc6 8. e5
dxe5 9. dxe5 Nh5 10. O-O Bh6 11. g3 Ng7 12. Bf2 f6 13. exf6 Rxf6 14. Ne5 Bxe2
15. Qxe2 Nxe5 16. fxe5 Rc6 17. Rad1 Qc8 18. Rd3 Qe6 19. Rfd1 a6 20. Rd8+ Rxd8
21. Rxd8+ Kf7 22. Qf3+ Qf5 23. Qd5+ Qe6 24. Qf3+ Qf5 25. Qd5+ Qe6 1/2-1/2

[Event "Southfield (MEX/1)"]
[Site "?"]
[Date "1982.??.??"]
[Round "?"]
[White "Kitts, Gary"]
[Black "Finegold, Ron"]
[Result "1/2-1/2"]
[WhiteElo "2050"]
[BlackElo "2185"]
[PlyCount "55"]
[EventDate "1982.??.??"]

1. e4 e5 2. Nf3 Nf6 3. Nxe5 d6 4. Nf3 Nxe4 5. Qe2 Qe7 6. d3 Nf6 7. Bg5 Bg4 8.
Bxf6 gxf6 9. Nbd2 Nc6 10. O-O-O Bh6 11. Re1 Qxe2 12. Bxe2 O-O-O 13. Kd1 d5 14.
h3 Be6 15. d4 Rhg8 16. Rhg1 Bf4 17. Bd3 h5 18. c3 Rg7 19. Nh4 Bh2 20. Rh1 Bd6
21. Nf1 Ne7 22. g3 Rh8 23. Ne3 Rg5 24. Reg1 Rhg8 25. Nf3 R5g7 26. Nh4 Rg5 27.
Nf3 R5g7 28. Nh4 1/2-1/2

[Event "East Lansing (MI Op/1)"]
[Site "?"]
[Date "1982.??.??"]
[Round "?"]
[White "King, H.."]
[Black "Youssef, I.."]
[Result "0-1"]
[WhiteElo "1685"]
[BlackElo "2010"]
[PlyCount "74"]
[EventDate "1982.??.??"]

1. e4 e5 2. Nf3 Nc6 3. Bc4 Bc5 4. b4 Bxb4 5. c3 Be7 6. d4 d6 7. O-O Bf6 8. dxe5
Nxe5 9. Nxe5 dxe5 10. Qb3 Be6 11. Bxe6 fxe6 12. Rd1 Qc8 13. f4 Ne7 14. fxe5
Bxe5 15. Ba3 Bd6 16. Qa4+ Nc6 17. Rxd6 cxd6 18. Bxd6 Qd7 19. Bg3 O-O 20. Na3
Rad8 21. Nc2 Qd3 22. Qb3 Qxe4 23. Re1 Qd5 24. Qxb7 Qc5+ 25. Kh1 Qxc3 26. Qb1
Rd2 27. Ne3 Qd3 28. Nf1 Qxb1 29. Rxb1 Rxa2 30. Kg1 Re2 31. Rb7 Rc2 32. Rb1 e5
33. Ne3 Rc5 34. Bf2 a5 35. Nf1 Nd4 36. Ng3 Rc2 37. Re1 Rfxf2 0-1

[Event "East Lansing (MI Op/5)"]
[Site "?"]
[Date "1982.??.??"]
[Round "?"]
[White "King, H.."]
[Black "Manion, Tom"]
[Result "0-1"]
[WhiteElo "1685"]
[BlackElo "1820"]
[PlyCount "106"]
[EventDate "1982.??.??"]

1. e4 e5 2. Nf3 Nf6 3. Nxe5 d6 4. Nc4 Nxe4 5. Qe2 Qe7 6. d3 Nc5 7. Nc3 Nc6 8.
Nd5 Qxe2+ 9. Bxe2 Ne6 10. c3 Bd7 11. O-O O-O-O 12. a4 Ne5 13. d4 Ng6 14. a5 Kb8
15. Na3 c6 16. Ne3 Nef4 17. Re1 Nxe2+ 18. Rxe2 Nf4 19. Rc2 Re8 20. b4 Bf5 21.
Rca2 g5 22. g3 Nh3+ 23. Kg2 Be6 24. c4 Bg7 25. Rd2 Rhg8 26. Bb2 Bh8 27. d5 Bxb2
28. Rxb2 cxd5 29. cxd5 Bd7 30. Nac4 Rg6 31. b5 Nf4+ 32. Kg1 h5 33. f3 f5 34.
gxf4 gxf4+ 35. Ng2 h4 36. Kh1 Rc8 37. Nxf4 Rh6 38. Rc1 h3 39. Rcc2 Rh4 40. Nxh3
Rcxc4 41. Re2 Rh8 42. Ng5 Rg8 43. Re1 Rxg5 44. Rbe2 Bxb5 45. Re7 Rc7 46. R7e6
Rh5 47. Rg6 Rch7 48. Rg2 f4 49. Rc1 a6 50. Rd1 Bc4 51. Rg8+ Kc7 52. Rd2 Bxd5
53. Kg1 Bxg8 0-1

[Event "East Lansing (MI Op/3)"]
[Site "?"]
[Date "1982.??.??"]
[Round "?"]
[White "King, H.."]
[Black "Finegold, Ron"]
[Result "0-1"]
[WhiteElo "1685"]
[BlackElo "2185"]
[PlyCount "60"]
[EventDate "1982.??.??"]

1. e4 e6 2. d4 a6 3. Nf3 b5 4. Be3 Bb7 5. Bd3 Nf6 6. Nbd2 d5 7. e5 Ng4 8. O-O
Nxe3 9. fxe3 Be7 10. c3 O-O 11. Qc2 h6 12. Rae1 c5 13. Qb1 Nc6 14. e4 dxe4 15.
Nxe4 cxd4 16. cxd4 Nxd4 17. Nxd4 Qxd4+ 18. Kh1 Rad8 19. Rd1 Qxe5 20. Rfe1 Qb8
21. Re3 Qa8 22. Rg3 Bxe4 23. Qc1 Bg5 24. Qc3 Qc6 25. Qe1 Bxd3 26. Rgxd3 Rxd3
27. Rxd3 Qc1 28. Rd1 Rc8 29. h4 Qxd1 30. Qxd1 Rc1 0-1

[Event "Ann Arbor (MI Futurity/5)"]
[Site "?"]
[Date "1982.??.??"]
[Round "?"]
[White "Kensek, R.."]
[Black "Whitehouse, D.."]
[Result "1/2-1/2"]
[WhiteElo "2220"]
[BlackElo "2290"]
[PlyCount "42"]
[EventDate "1982.??.??"]

1. e4 e6 2. Nf3 d5 3. Nc3 Bb4 4. a3 Bxc3 5. dxc3 dxe4 6. Qxd8+ Kxd8 7. Ng5 Ke7
8. Nxe4 Nf6 9. Bd3 Bd7 10. Bf4 Rc8 11. O-O-O Nxe4 12. Bxe4 Bc6 13. Rhe1 a5 14.
Bxc6 Nxc6 15. Re3 Kf8 16. Rde1 a4 17. Rf3 Ke7 18. Rg3 Kf8 19. Rd3 Ke7 20. Rg3
Kf8 21. Rd3 Ke7 1/2-1/2

[Event "Ann Arbor (MI Futurity/7)"]
[Site "?"]
[Date "1982.??.??"]
[Round "?"]
[White "Kensek, R.."]
[Black "Poschel, Paul"]
[Result "1/2-1/2"]
[WhiteElo "2210"]
[BlackElo "2255"]
[PlyCount "71"]
[EventDate "1982.??.??"]

1. e4 c5 2. Nf3 e6 3. d4 cxd4 4. Nxd4 Nf6 5. Nc3 Nc6 6. Ndb5 Bb4 7. a3 Bxc3+ 8.
Nxc3 d5 9. exd5 exd5 10. Bg5 O-O 11. Bd3 Re8+ 12. Ne2 Bg4 13. O-O h6 14. Bf4
Qb6 15. Rb1 Ne4 16. Be3 d4 17. Bf4 Nc5 18. Re1 Bh5 19. Kf1 Nxd3 20. Qxd3 Bg6
21. Qd2 Rad8 22. Nc1 Rxe1+ 23. Kxe1 Qb5 24. Nd3 Re8+ 25. Kf1 Ne5 26. Bxe5 Rxe5
27. Re1 Rxe1+ 28. Kxe1 Bxd3 29. cxd3 Qe5+ 30. Qe2 Qxh2 31. Qe8+ Kh7 32. Qe4+ g6
33. Qxb7 Qf4 34. Ke2 Qg4+ 35. Kd2 Qf4+ 36. Ke2 1/2-1/2

[Event "Ann Arbor (MI Futurity/3)"]
[Site "?"]
[Date "1982.??.??"]
[Round "?"]
[White "Kensek, R.."]
[Black "Martinovsky, E.."]
[Result "0-1"]
[WhiteElo "2220"]
[BlackElo "2365"]
[PlyCount "40"]
[EventDate "1982.??.??"]

1. e4 c6 2. d4 d5 3. Nd2 dxe4 4. Nxe4 Nf6 5. Ng3 g6 6. Nf3 Bg7 7. Be2 h5 8. Bg5
Qb6 9. Qc1 Na6 10. O-O Bg4 11. c3 Nc7 12. Ne5 Bxe2 13. Nxe2 Ne6 14. Be3 Ng4 15.
f4 Qa6 16. Ng3 Bxe5 17. fxe5 h4 18. Nh1 h3 19. gxh3 Qe2 20. Bf4 Ng5 0-1

[Event "Ann Arbor (MI Futurity/2)"]
[Site "?"]
[Date "1982.??.??"]
[Round "?"]
[White "Kensek, R.."]
[Black "Goodman, D.."]
[Result "0-1"]
[WhiteElo "2220"]
[BlackElo "2350"]
[PlyCount "86"]
[EventDate "1982.??.??"]

1. e4 g6 2. d4 d6 3. Nc3 Bg7 4. f4 Nc6 5. Bb5 a6 6. Bxc6+ bxc6 7. Nf3 Bg4 8.
O-O Qb8 9. h3 Bxf3 10. Rxf3 Qb6 11. Ne2 c5 12. Rb3 Qa7 13. Be3 cxd4 14. Bxd4
Bxd4+ 15. Qxd4 Qxd4+ 16. Nxd4 Nf6 17. Re1 Kd7 18. Nf3 Nh5 19. f5 gxf5 20. exf5
e5 21. Ng5 Raf8 22. Ree3 h6 23. Ne4 Nf4 24. g3 Nd5 25. Red3 Kc6 26. Ra3 Ra8 27.
Ra4 Nb6 28. Rc3+ Kb7 29. Ra5 Rhd8 30. g4 c5 31. h4 c4 32. g5 hxg5 33. hxg5 d5
34. Nf6 Rd6 35. Rg3 Rh8 36. Ng4 Rc8 37. Nh6 Rc7 38. g6 fxg6 39. fxg6 Rg7 40.
Nf7 Rdxg6 41. Rxg6 Rxg6+ 42. Kh2 e4 43. Ra3 d4 0-1

[Event "Southfield (MEX/3)"]
[Site "?"]
[Date "1982.??.??"]
[Round "?"]
[White "Kavnatsky, V.."]
[Black "Stein, K.."]
[Result "1/2-1/2"]
[WhiteElo "2255"]
[BlackElo "2280"]
[PlyCount "157"]
[EventDate "1982.??.??"]

1. d4 Nf6 2. Bg5 g6 3. Bxf6 exf6 4. e3 Bg7 5. Ne2 O-O 6. Nf4 d6 7. h4 c6 8. c3
Na6 9. Bd3 Nc7 10. h5 f5 11. Qf3 Qf6 12. hxg6 fxg6 13. Nd2 Ne6 14. Bc4 d5 15.
Nxe6 Bxe6 16. Bd3 h6 17. O-O-O a5 18. Qg3 b5 19. Kb1 Rab8 20. Nb3 b4 21. Kc2
Bf7 22. Nc5 Rfd8 23. Nd7 Rxd7 24. Qxb8+ Kh7 25. cxb4 Qe7 26. Qb6 axb4 27. Kb1
Ra7 28. Rc1 Be8 29. Qc5 Qb7 30. Bc2 Bd7 31. Bb3 f4 32. Ka1 Qb8 33. exf4 Bf8 34.
Qc2 Qxf4 35. Qd3 Bg7 36. Qe3 Qf6 37. Qd2 Rb7 38. f3 h5 39. Rcd1 Bh6 40. Qe2 Bf4
41. Qa6 Rb5 42. Rhe1 Bg3 43. Re2 Qd8 44. Rc1 Rb8 45. Qd3 Qg5 46. Qe3 Qxe3 47.
Rxe3 Bh4 48. Rd1 Rf8 49. Bc2 Kh6 50. Rb3 Be7 51. Re1 Bd6 52. Rbe3 Rf6 53. a4
bxa3 54. bxa3 c5 55. dxc5 Bxc5 56. Rd3 d4 57. Re5 Bb6 58. Kb2 Bf5 59. a4 Bxd3
60. Bxd3 Kg7 61. a5 Ba7 62. Bc4 Kf8 63. Kb3 Rd6 64. Bd3 Kf7 65. Rb5 Rd7 66. Rg5
Rd6 67. f4 Rc6 68. Kb4 h4 69. Rg4 h3 70. gxh3 Rf6 71. f5 gxf5 72. Bc4+ Ke8 73.
Rg8+ Rf8 74. Rg7 Bb8 75. Kc5 d3 76. Bxd3 Rf7 77. Rg8+ Rf8 78. Rg6 Ke7 79. a6
1/2-1/2

[Event "Southfield (MEX/1)"]
[Site "?"]
[Date "1982.??.??"]
[Round "?"]
[White "Kavnatsky, V.."]
[Black "Smith, Michael R"]
[Result "1-0"]
[WhiteElo "2255"]
[BlackElo "2065"]
[PlyCount "57"]
[EventDate "1982.??.??"]

1. c4 e6 2. g3 Nf6 3. Bg2 d5 4. Nf3 Be7 5. O-O O-O 6. b3 c6 7. Bb2 Nbd7 8. d3
b6 9. Nbd2 Bb7 10. e4 dxe4 11. dxe4 c5 12. Qe2 Qc7 13. e5 Ng4 14. h3 Nh6 15. g4
Rad8 16. Rad1 Nb8 17. Ne4 Nc6 18. Qe3 Kh8 19. Nd6 Ng8 20. Nxb7 Qxb7 21. Ng5 h6
22. Rxd8 Bxd8 23. Ne4 Qc7 24. Nd6 Nge7 25. Rd1 Nc8 26. Qf3 Nb8 27. Nb5 Qe7 28.
Qa8 Bc7 29. Qb7 1-0

[Event "Southfield (MEX/4)"]
[Site "?"]
[Date "1982.??.??"]
[Round "?"]
[White "Kavnatsky, V.."]
[Black "Martinovsky, E.."]
[Result "1/2-1/2"]
[WhiteElo "2255"]
[BlackElo "2405"]
[PlyCount "76"]
[EventDate "1982.??.??"]

1. d4 Nf6 2. Bg5 d5 3. Bxf6 exf6 4. e3 Bf5 5. Bd3 Qd7 6. Ne2 Bd6 7. Nbc3 c6 8.
Ng3 Bg6 9. Nce2 O-O 10. h4 Re8 11. h5 Be4 12. Nxe4 dxe4 13. Bc4 a5 14. a4 Na6
15. c3 Nc7 16. g3 b5 17. Bb3 b4 18. Nf4 bxc3 19. bxc3 Bxf4 20. gxf4 Nd5 21. Kd2
Rab8 22. Rb1 c5 23. Bxd5 Qxd5 24. Qc2 cxd4 25. cxd4 h6 26. Rxb8 Rxb8 27. Rb1
Rb4 28. Rxb4 axb4 29. Kc1 Qxh5 30. Qxe4 Qe2 31. Qc2 Qa6 32. Kb2 h5 33. d5 h4
34. e4 g5 35. fxg5 fxg5 36. e5 Qa7 37. Qd2 Qxa4 38. Qxg5+ Kf8 1/2-1/2

[Event "East Lansing (MI Op/4)"]
[Site "?"]
[Date "1982.??.??"]
[Round "?"]
[White "Jones, B.."]
[Black "Thurman, John"]
[Result "1-0"]
[WhiteElo "1745"]
[BlackElo "1605"]
[PlyCount "73"]
[EventDate "1982.??.??"]

1. d4 Nf6 2. c4 e6 3. Nf3 Bb4+ 4. Bd2 Qe7 5. g3 c5 6. Bxb4 cxb4 7. Bg2 d5 8.
Nbd2 b6 9. cxd5 Nxd5 10. O-O Bb7 11. Ne5 O-O 12. Rc1 Na6 13. Ndf3 Rac8 14. Qd2
f6 15. Nd3 Qd7 16. Rfd1 Qb5 17. Nfe1 Rc4 18. e3 Rfc8 19. Nf4 Qd7 20. Ned3 Nxf4
21. Bxb7 Qxb7 22. Nxf4 Kf7 23. Rxc4 Rxc4 24. d5 exd5 25. Nxd5 Qc8 26. Nf4 Rc7
27. Qd5+ Ke7 28. Qe4+ Kf7 29. Qxh7 Rc2 30. Qg6+ Kg8 31. Rd8+ Qxd8 32. Qxc2 Nc5
33. Qc4+ Kh7 34. Qxb4 Qd1+ 35. Kg2 f5 36. Qd4 Qb1 37. a3 1-0

[Event "East Lansing (MI Op/1)"]
[Site "?"]
[Date "1982.??.??"]
[Round "?"]
[White "Jones, B.."]
[Black "Bohley, D.."]
[Result "0-1"]
[WhiteElo "1745"]
[BlackElo "2005"]
[PlyCount "75"]
[EventDate "1982.??.??"]

1. d4 Nf6 2. c4 d6 3. Nc3 e5 4. dxe5 dxe5 5. Qxd8+ Kxd8 6. Bg5 c6 7. Bxf6+ gxf6
8. O-O-O+ Kc7 9. g3 Be6 10. e3 Be7 11. f4 Bc5 12. Re1 Nd7 13. a3 a5 14. Nf3 Be7
15. Ne4 Rhg8 16. Rg1 Rad8 17. Rg2 Bg4 18. Ng1 Nc5 19. Nxc5 Bxc5 20. h3 Be6 21.
g4 exf4 22. exf4 f5 23. g5 Rd4 24. Rf2 Rgd8 25. Rf3 Bxc4 26. Rc3 Bxf1 27. Rxf1
Bd6 28. Ne2 Re4 29. Rc2 Rde8 30. Kd1 Kb6 31. Rf3 Re3 32. Rxe3 Rxe3 33. Rc3 Rxc3
34. Nxc3 Bxf4 35. Ke2 Bxg5 36. Kf3 Bc1 37. Ke2 Kc7 38. Nb1 0-1

[Event "East Lansing (MI Op/6)"]
[Site "?"]
[Date "1982.??.??"]
[Round "?"]
[White "Jarosz, Stan"]
[Black "Zacks, Naum"]
[Result "1-0"]
[WhiteElo "1820"]
[BlackElo "1885"]
[PlyCount "79"]
[EventDate "1982.??.??"]

1. d4 g6 2. c4 Bg7 3. Nf3 c5 4. d5 Nf6 5. Nc3 O-O 6. e4 d6 7. Be2 e6 8. O-O Na6
9. Nd2 Nc7 10. a4 exd5 11. cxd5 Bd7 12. f4 Qc8 13. h3 Bxh3 14. Nc4 Qd7 15. gxh3
Qxh3 16. Qd3 Qh4 17. Qf3 Nh5 18. Kg2 Rad8 19. Rh1 Qe7 20. e5 Ne8 21. exd6 Nxd6
22. Nxd6 Rxd6 23. Be3 b6 24. Nb5 Rxd5 25. Qxd5 Qxe3 26. Bxh5 gxh5 27. Qf3 Qd2+
28. Qf2 Qd5+ 29. Kh2 Kh8 30. Rhg1 Bf6 31. Rad1 Qf5 32. Rg2 h6 33. Qf3 Be5 34.
Rf2 Bf6 35. Rd5 Qg6 36. Qxh5 Qh7 37. Qf5 Qg6 38. Rg2 Qxf5 39. Rxf5 Bg7 40. Nxa7
1-0

[Event "East Lansing (MI Op/3)"]
[Site "?"]
[Date "1982.??.??"]
[Round "?"]
[White "Jarosz, Stan"]
[Black "Woods, T.."]
[Result "1-0"]
[WhiteElo "1820"]
[BlackElo "1605"]
[PlyCount "117"]
[EventDate "1982.??.??"]

1. d4 e6 2. e4 Ne7 3. Nf3 Ng6 4. Nc3 Be7 5. Bd3 O-O 6. Be3 b6 7. Qd2 Bb4 8. a3
Bxc3 9. Qxc3 Bb7 10. O-O-O Re8 11. e5 Ba6 12. Bxa6 Nxa6 13. Bg5 Qc8 14. h4 c5
15. dxc5 Nxc5 16. Rd4 Ne7 17. Bxe7 Rxe7 18. b4 Na4 19. Qxc8+ Rxc8 20. Rhd1 Rc7
21. c4 b5 22. c5 Nc3 23. R1d2 Nd5 24. Ng1 a5 25. Kb2 f6 26. f4 axb4 27. axb4
Ra7 28. R2d3 fxe5 29. fxe5 Rf7 30. Rf3 Ra4 31. Kb3 Ra1 32. Ne2 Rb1+ 33. Ka3 Re1
34. Nf4 Rxe5 35. Nxd5 Rxf3+ 36. gxf3 Rxd5 37. Rxd5 exd5 38. Kb3 Kf7 39. Kc3 h5
40. f4 g6 41. Kd3 Kf6 42. Kd4 Ke6 43. Ke3 Kf5 44. Kd4 Kxf4 45. Kxd5 g5 46. hxg5
Kxg5 47. Kd6 h4 48. Kxd7 h3 49. c6 h2 50. c7 h1=Q 51. c8=Q Qh7+ 52. Kc6 Qc2+
53. Kb7 Qc4 54. Qc5+ Kf4 55. Kb6 Qxc5+ 56. Kxc5 Ke5 57. Kxb5 Kd6 58. Kb6 Kd7
59. Kb7 1-0

[Event "East Lansing (MI Op/7)"]
[Site "?"]
[Date "1982.??.??"]
[Round "?"]
[White "Jarosz, Stan"]
[Black "Vandivier, Don"]
[Result "0-1"]
[WhiteElo "1820"]
[BlackElo "2015"]
[PlyCount "32"]
[EventDate "1982.??.??"]

1. d4 Nf6 2. c4 g6 3. Nc3 d5 4. Nf3 Bg7 5. Bg5 Ne4 6. cxd5 Nxc3 7. bxc3 Qxd5 8.
e3 Qa5 9. Qd2 c5 10. Be2 Nc6 11. Bf4 O-O 12. O-O Rd8 13. Qb2 cxd4 14. cxd4 a6
15. Rfc1 Bd7 16. Rc5 Qxc5 0-1

[Event "East Lansing (MI Op/4)"]
[Site "?"]
[Date "1982.??.??"]
[Round "?"]
[White "Jarosz, Stan"]
[Black "Kulbacki, James"]
[Result "1-0"]
[WhiteElo "1820"]
[BlackElo "1905"]
[PlyCount "47"]
[EventDate "1982.??.??"]

1. d4 Nf6 2. c4 e6 3. Nf3 b6 4. a3 Bb7 5. Nc3 Be7 6. d5 b5 7. dxe6 fxe6 8. Nxb5
O-O 9. e3 Na6 10. Nc3 Nc5 11. b4 Nce4 12. Nxe4 Nxe4 13. Bb2 g5 14. Bd3 Nxf2 15.
Kxf2 g4 16. Qc2 Bh4+ 17. Ke2 gxf3+ 18. gxf3 Bxf3+ 19. Kd2 Bxh1 20. Rg1+ Bg5 21.
Bxh7+ Kf7 22. Qg6+ Ke7 23. Qxg5+ Kd6 24. Qc5# 1-0

[Event "East Lansing (MI Op/6)"]
[Site "?"]
[Date "1982.??.??"]
[Round "?"]
[White "Haluska, James"]
[Black "Smith, Ronald"]
[Result "1-0"]
[WhiteElo "1915"]
[BlackElo "1845"]
[PlyCount "113"]
[EventDate "1982.??.??"]

1. e4 d5 2. exd5 Nf6 3. Nc3 Nxd5 4. Bc4 e6 5. Nf3 Nc6 6. O-O Be7 7. d4 a6 8.
Re1 O-O 9. Ne4 b5 10. Bd3 Ncb4 11. Bf1 Nf6 12. c3 Nbd5 13. a4 Bd7 14. Ne5 Nxe4
15. Rxe4 Nf6 16. Re1 Be8 17. Qf3 Rb8 18. axb5 axb5 19. Bg5 Ng4 20. Bxe7 Nxe5
21. Rxe5 Qxe7 22. Bd3 g6 23. b4 f6 24. Ree1 Qd6 25. Qe2 Rb6 26. Ra5 Bf7 27.
Bxb5 e5 28. dxe5 fxe5 29. Bc4 Qf6 30. Rxe5 Rc6 31. Bxf7+ Rxf7 32. c4 Qh4 33.
Re4 Qf6 34. c5 Qg5 35. Re8+ Kg7 36. Re7 Rcf6 37. g3 Qf5 38. Rxf7+ Rxf7 39. Qe5+
Qxe5 40. Rxe5 c6 41. f4 Rd7 42. Re2 Rd1+ 43. Kg2 Rb1 44. Re4 Rc1 45. Kf3 Rc2
46. h3 h5 47. Re7+ Kf6 48. Rc7 Rc3+ 49. Ke4 Rxg3 50. Rxc6+ Kf7 51. b5 Rxh3 52.
b6 Rb3 53. Rc7+ Ke6 54. b7 h4 55. Rc6+ Kd7 56. Rb6 Rc3 57. b8=Q 1-0

[Event "East Lansing (MI Op/4)"]
[Site "?"]
[Date "1982.??.??"]
[Round "?"]
[White "Haluska, James"]
[Black "Riggins, D.."]
[Result "0-1"]
[WhiteElo "1915"]
[BlackElo "2110"]
[PlyCount "78"]
[EventDate "1982.??.??"]

1. e4 Nf6 2. e5 Nd5 3. d4 d6 4. exd6 cxd6 5. Nf3 Nb6 6. Bd3 g6 7. O-O Bg7 8.
Re1 O-O 9. c3 Nc6 10. a4 e5 11. a5 Nd7 12. d5 Ne7 13. Bg5 f6 14. Bd2 h6 15. Na3
f5 16. Bf1 Kh7 17. Nb5 Nf6 18. c4 a6 19. Nc3 Nh5 20. Be3 Ng8 21. Bb6 Qf6 22.
Rc1 Bd7 23. c5 e4 24. c6 exf3 25. cxd7 fxg2 26. Bxg2 Qg5 27. Qf3 Be5 28. Ne2
Ngf6 29. Rc7 Ng7 30. Be3 Qh4 31. Bf4 Rad8 32. Rxb7 Rxd7 33. Rxd7 Nxd7 34. Rc1
g5 35. Bg3 Qb4 36. Bxe5 Nxe5 37. Qc3 Qg4 38. Kf1 Rf7 39. Qg3 Qh5 0-1

[Event "East Lansing (MI Op/2)"]
[Site "?"]
[Date "1982.??.??"]
[Round "?"]
[White "Haluska, James"]
[Black "Pendell, C.."]
[Result "1/2-1/2"]
[WhiteElo "1915"]
[BlackElo "1815"]
[PlyCount "87"]
[EventDate "1982.??.??"]

1. Nf3 Nf6 2. g3 d6 3. Bg2 e5 4. d3 c6 5. O-O Be7 6. c4 Bg4 7. h3 Bh5 8. Nc3
O-O 9. Qb3 Qc7 10. Nh4 Nbd7 11. Nf5 Nc5 12. Qc2 Ne6 13. e3 Rad8 14. f4 exf4 15.
exf4 Bg6 16. Nxe7+ Qxe7 17. Qe2 Qd7 18. Ne4 Nxe4 19. dxe4 f5 20. exf5 Nd4 21.
Qf2 Nxf5 22. g4 Ne7 23. Be3 Bd3 24. Rfc1 b6 25. Qd2 Bg6 26. Rf1 Bf7 27. b3 d5
28. Rad1 Qc7 29. c5 d4 30. Bxd4 bxc5 31. Be5 Rxd2 32. Bxc7 Rxd1 33. Rxd1 Nd5
34. Bd6 Re8 35. Bxd5 Bxd5 36. Be5 g5 37. Kf2 Kf7 38. Rc1 gxf4 39. Bxf4 Re4 40.
Be3 c4 41. Bxa7 cxb3 42. axb3 Rb4 43. Rc3 Rxb3 44. Rxb3 1/2-1/2

[Event "East Lansing (MI Op/6)"]
[Site "?"]
[Date "1982.??.??"]
[Round "?"]
[White "Hale, M.."]
[Black "Woods, T.."]
[Result "0-1"]
[WhiteElo "1615"]
[BlackElo "1605"]
[PlyCount "74"]
[EventDate "1982.??.??"]

1. b3 Nc6 2. Bb2 e5 3. e3 d5 4. Bb5 Bd6 5. Nf3 Bg4 6. O-O Nf6 7. h3 Bxf3 8.
Qxf3 a6 9. Bxc6+ bxc6 10. Qe2 O-O 11. d3 c5 12. c4 c6 13. Nd2 h6 14. d4 cxd4
15. exd4 e4 16. a3 Re8 17. Qe3 Nh7 18. Rfe1 Re6 19. b4 Qh4 20. Re2 Rae8 21. Qc3
Ng5 22. cxd5 cxd5 23. Rf1 e3 24. fxe3 Qg3 25. Nf3 Nxf3+ 26. Rxf3 Qh2+ 27. Kf2
Rg6 28. Ke1 Rxg2 29. Qd3 Bg3+ 30. Kd2 Rxe2+ 31. Qxe2 Qxh3 32. Qxa6 Be1+ 33.
Kxe1 Qxf3 34. Kd2 Rxe3 35. Kc2 Re2+ 36. Kb1 Qf1+ 37. Ka2 Rxb2+ 0-1

[Event "East Lansing (MI Op/7)"]
[Site "?"]
[Date "1982.??.??"]
[Round "?"]
[White "Hale, M.."]
[Black "Thurman, John"]
[Result "0-1"]
[WhiteElo "1615"]
[BlackElo "1605"]
[PlyCount "62"]
[EventDate "1982.??.??"]

1. b3 d6 2. Bb2 e5 3. e3 f5 4. d4 e4 5. Ne2 Nf6 6. c4 c6 7. Nbc3 Be6 8. Nf4 Bf7
9. d5 g5 10. Nfe2 Rg8 11. Nd4 Bg6 12. Ne6 Qe7 13. Rc1 Bf7 14. Nd4 Qd7 15. Nc2
Bg7 16. Rb1 cxd5 17. cxd5 a6 18. Nb4 Qe7 19. Rc1 Nbd7 20. a4 Nb6 21. a5 Nbd7
22. Ne2 Nc5 23. Nd4 Qd7 24. Ne2 Nxd5 25. Bc3 Nxb4 26. Nd4 Nbd3+ 27. Bxd3 Nxd3+
28. Ke2 Nxc1+ 29. Qxc1 Bxd4 30. Bxd4 Rc8 31. Qb2 Qb5+ 0-1

[Event "East Lansing (MI Op/5)"]
[Site "?"]
[Date "1982.??.??"]
[Round "?"]
[White "Hale, M.."]
[Black "Gendloff, E.."]
[Result "0-1"]
[WhiteElo "1615"]
[BlackElo "1800"]
[PlyCount "72"]
[EventDate "1982.??.??"]

1. c4 e5 2. Nc3 Nc6 3. g3 Nf6 4. Bg2 d6 5. e4 Be6 6. d3 Nd4 7. Nce2 Nxe2 8.
Nxe2 Qd7 9. O-O Be7 10. f4 Bh3 11. Nc3 Bxg2 12. Kxg2 c5 13. fxe5 dxe5 14. Nd5
O-O 15. Nxe7+ Qxe7 16. Bg5 Qe6 17. Bxf6 gxf6 18. Rf5 Rfd8 19. Qf3 Rd6 20. Rf1
Rad8 21. Rd1 Qd7 22. Rxf6 Rxd3 23. Rxd3 Qxd3 24. Qxd3 Rxd3 25. Rf2 Re3 26. Rc2
Rxe4 27. Kf3 Rd4 28. Ke3 f5 29. b3 Kf7 30. h3 Ke6 31. Rf2 a6 32. Rd2 Rxd2 33.
Kxd2 e4 34. Ke3 Ke5 35. a3 a5 36. h4 h5 0-1